000 00749cam a2200253 a 4500
001 16541393
005 20180310041915.0
008 101117s2011 nyuab b 001 0 eng
010 _a 2010045043
020 _a9780393934717 (hardcover : alk. paper)
040 _aDLC
_cDLC
_dDLC
041 _aeng
042 _apcc
043 _an-us---
080 _a320.473
082 0 0 _a320.473 BIA
_222
100 1 _a20
101 _aSHP
245 1 0 _aAmerican politics today /
_cWilliam T. Bianco, David T. Canon.
504 _aIncludes bibliographical references and index.
906 _a7
_bcbc
_corignew
_d1
_eecip
_f20
_gy-gencatlg
942 _2ddc
_cBK
999 _c44658
_d44658